| 000 | 00461nam a2200157Ia 4500 | ||
|---|---|---|---|
| 005 | 20250404094528.0 | ||
| 008 | 231217s9999 xx 000 0 und d | ||
| 020 | _a9788131408056 | ||
| 082 | _a658.3 SUM;1 R | ||
| 100 | _aSumati, Reddy ed. | ||
| 245 | 0 | _aIcfai university press on training and development : perspectives from the service sector | |
| 260 |
_c2007 _bIcfai _aHyderabad |
||
| 300 | _axii, 237 | ||
| 650 | _aIcfai,press,training | ||
| 942 | _cAA | ||
| 999 |
_c191477 _d191477 |
||